Un dia una senora se trago unos libros! / (Record no. 18618)

MARC details
000 -LEADER
fixed length control field 01501cam a2200409Ka 4500
001 - CONTROL NUMBER
control field z9livm b1601585
003 - CONTROL NUMBER IDENTIFIER
control field OCoLC
005 - DATE AND TIME OF LATEST TRANSACTION
control field 20170720154808.0
008 - FIXED-LENGTH DATA ELEMENTS--GENERAL INFORMATION
fixed length control field 140626s2012 nyua j 000 1 spa d
020 ## - INTERNATIONAL STANDARD BOOK NUMBER
International Standard Book Number 9780545645348 (pbk.)
020 ## - INTERNATIONAL STANDARD BOOK NUMBER
International Standard Book Number 0545645344 (pbk.)
040 ## - CATALOGING SOURCE
Transcribing agency sjds
041 ## - LANGUAGE CODE
Language code of text/sound track or separate title spa
090 ## - LOCALLY ASSIGNED LC-TYPE CALL NUMBER (OCLC); LOCAL CALL NUMBER (OCLC)
Classification number (OCLC) (R) ; Classification number, CALL (RLIN) (NR) jSPAN PIC COLANDRO, L.
100 1# - MAIN ENTRY--PERSONAL NAME
Personal name Colandro, Lucille.
245 14 - TITLE STATEMENT
Title Un dia una senora se trago unos libros! /
Statement of responsibility, etc. Lucille Colandro ; ilustrado por Jared Lee.
246 30 - VARYING FORM OF TITLE
Title proper/short title There was an old lady who swallowed some books.
250 ## - EDITION STATEMENT
Edition statement Spanish.
260 ## - PUBLICATION, DISTRIBUTION, ETC. (IMPRINT)
Place of publication, distribution, etc. New York :
Name of publisher, distributor, etc. Scholastic,
Date of publication, distribution, etc. 2012.
300 ## - PHYSICAL DESCRIPTION
Extent [31] p. :
Other physical details ill. col. ;
Dimensions 26 cm.
520 ## - SUMMARY, ETC.
Summary, etc. A twist on the classic tale of "There Was an Old Lady Who Swallowed a Fly" takes the story even further as the lady goes about swallowing a variety of items related to school, including books, a ruler, and chalk.
650 #0 - SUBJECT ADDED ENTRY--TOPICAL TERM
Topical term or geographic name as entry element Schools
Form subdivision Juvenile fiction.
650 #0 - SUBJECT ADDED ENTRY--TOPICAL TERM
Topical term or geographic name as entry element First day of school
Form subdivision Juvenile fiction.
650 #0 - SUBJECT ADDED ENTRY--TOPICAL TERM
Topical term or geographic name as entry element Books
Form subdivision Juvenile fiction.
650 #0 - SUBJECT ADDED ENTRY--TOPICAL TERM
Topical term or geographic name as entry element Backpacks
Form subdivision Juvenile fiction.
650 #0 - SUBJECT ADDED ENTRY--TOPICAL TERM
Topical term or geographic name as entry element Spanish language materials
Form subdivision Juvenile fiction.
650 #1 - SUBJECT ADDED ENTRY--TOPICAL TERM
Topical term or geographic name as entry element Spanish language materials
Form subdivision Fiction.
650 #1 - SUBJECT ADDED ENTRY--TOPICAL TERM
Topical term or geographic name as entry element First day of school
Form subdivision Fiction.
650 #1 - SUBJECT ADDED ENTRY--TOPICAL TERM
Topical term or geographic name as entry element Books
Form subdivision Fiction.
650 #1 - SUBJECT ADDED ENTRY--TOPICAL TERM
Topical term or geographic name as entry element Schools
Form subdivision Fiction.
650 #1 - SUBJECT ADDED ENTRY--TOPICAL TERM
Topical term or geographic name as entry element Backpacks
Form subdivision Fiction.
650 #1 - SUBJECT ADDED ENTRY--TOPICAL TERM
Topical term or geographic name as entry element Nonsense verses.
650 #1 - SUBJECT ADDED ENTRY--TOPICAL TERM
Topical term or geographic name as entry element Stories in rhyme.
650 #0 - SUBJECT ADDED ENTRY--TOPICAL TERM
Topical term or geographic name as entry element Humorous stories.
700 1# - ADDED ENTRY--PERSONAL NAME
Personal name Lee, Jared D.,
Relator term illustrator.
942 ## - ADDED ENTRY ELEMENTS (KOHA)
Koha item type Libro/Book
Source of classification or shelving scheme Dewey Decimal Classification
Holdings
Withdrawn status Lost status Damaged status Not for loan Home library Current library Date acquired Inventory number Total Checkouts Total Renewals Barcode Date last seen Date checked out Price effective from Koha item type Shelving location Full call number
        Barbudos -- Satellite Barbudos -- Satellite 08/05/2014 Inventory date: 7/7/25 8 1 35800752 16/02/2022 24/11/2016 08/05/2014 Libro/Book    
        San Juan Del Sur -- Biblioteca San Juan Del Sur -- Biblioteca 11/11/2014 Inventory date: 15-5-25 9 3 30006259 31/10/2025 17/09/2025 11/11/2014 Libro/Book Children's Area CAJA ESPANOL
        San Juan Del Sur -- Biblioteca San Juan Del Sur -- Biblioteca 11/11/2014   6   30006251 13/10/2022 10/12/2018 11/11/2014 Libro/Book Children's Area CAJA ESPANOL
        Zaragoza -- Satellite Zaragoza -- Satellite 10/07/2014   2   35500842 11/09/2014 10/09/2014 10/07/2014 Libro/Book    

Powered by Koha